Zváranie medi a medených zliatin

Enregistré dans:
Détails bibliographiques
Auteur principal: Országh, Viktor (Auteur)
Format: Livre
Langue:slovaque
Publié: Bratislava : Alfa, 1975
Édition:2. vyd.
Sujets:
Tags: Ajouter un tag
Pas de tags, Soyez le premier à ajouter un tag!

MARC

LEADER 00000nam a22000003a 4500
001 stu85804
005 20150617225634.1
008 040414s1975----cs------------------slo-d
040 |a STU  |b slo 
041 0 |a slo 
044 |a cs 
080 |a 621.791 
100 1 |a Országh, Viktor  |4 aut 
245 1 |a Zváranie medi a medených zliatin 
250 |a 2. vyd. 
260 |a Bratislava :  |b Alfa,  |c 1975 
300 |a 320 s 
650 7 |a zváranie medi  |2 stusub 
996 |b 284J020438  |c J*46672  |l JJSK  |s A  |a 24  |w stu85804_0001 
996 |b 284J020439  |c J*46673  |l JJSK  |s A  |a 24  |w stu85804_0002 
996 |b 284J020437  |c J*46671  |l JJSK  |s A  |a 24  |w stu85804_0003